The Catcher in the Rye Opening Line Quiz Stats

 Plays Quiz Updated Mar 23, 2016

Challenge
Share
Tweet
Embed
Score 0/63 Timer 06:00
1 Play Today
% Correct
I
95%
I
95%
the
85.2%
the
85.2%
you
75.6%
you
75.6%
to
74.5%
to
74.5%
to
74.5%
and
66.5%
and
66.5%
and
66.5%
and
66.5%
If
66.2%
if
66.2%
want
62.5%
want
62.5%
want
62.5%
it,
61.6%
it,
61.6%
my
60.6%
my
60.6%
is
60.2%
know
59.7%
know
59.7%
was
54.2%
was
54.2%
what
53.4%
about
53.3%
me,
53%
that
52.6%
really
52.2%
% Correct
of
51.9%
where
50.9%
hear
49.4%
how
49.2%
all
46.8%
all
46.8%
truth.
44.9%
don't
43.6%
like,
41.8%
like
41.8%
parents
40.9%
but
40.6%
were
39.1%
they
37.8%
thing
36.6%
childhood
33.6%
born,
31.2%
first
30.5%
crap,
29.9%
you'll
29.3%
probably
29%
going
27.7%
had
27.4%
kind
27.2%
David
26.9%
Copperfield
26.7%
feel
25.5%
into
22.5%
lousy
22.5%
before
18.8%
occupied
14%

You're not logged in!

Compare scores with friends on all Sporcle quizzes.
OR
Log In

You Might Also Like...

Show Comments

Extras

Top Quizzes Today


Score Distribution

Your Account Isn't Verified!

In order to create a playlist on Sporcle, you need to verify the email address you used during registration. Go to your Sporcle Settings to finish the process.

Report this User

Report this user for behavior that violates our Community Guidelines.

Details: